000
00323nam a2200121Ia 4500
008
230717s9999 xx 000 0 und d
020
_a
81-7534-302-9
041
_a
eng
082
_a
341
_b
DAS
100
_a
Das P.K
245
_a
International Law Documents
260
_a
New Delhi
_b
Universal Law Publishing Co.Pvt.Ltd.
_c
2003
999
_c
671781
_d
671781